00370 2200145 4500245005200000250001100052110002800063700002700091005001900118260004300137041001400180084001000194490001100204336000900215 aBuku Saku NuklircThorcon Power IndonesiahText aCet. 1 aThorcon Power Indonesia aDinta Amalina Sulthoni a20240926125031 aJakartabThorcon Power Indonesiac2022 aIndonesia a621.8 a21 hlm atext